000 00534 a2200169 4500
003 OSt
005 20230715124801.0
008 230715b |||||||| |||| 00| 0 eng d
020 _a9788174090317
040 _coclc
082 _a620
_bBAL/T
100 _aBallaney , P L
_99314
245 _aThermal engineering:
_bEngineering themodynamics and energy conversion techniques /
_cP L Ballaney
260 _aDelhi:
_bKhanna Publishers,
_c2022.
300 _a1514 pages
942 _2ddc
_cBK
_h620
_iBAL/T
_k620
_mBAL/T
999 _c41840
_d41840